000 00540nam a22001937a 4500
005 20140310063636.0
008 140310b xxu||||| |||| 00| 0 eng d
020 _a9780072263510
080 _2004
100 _9Matthews, Marty
245 _aMicrosoft Windows Server 2008
_cMarty Mattews,
250 _a1 st. ed.;
260 _aNew York,
_bMcGraw Hill,
_c2008
300 _a592 f.:
_bme il.;
_c23 cm,
500 _aPƫrfshin Indeksin f. 567-592
650 _aShkencat Kompjuterike
650 _aProgramet e Kompjuterit
942 _2udc
_cBK
999 _c410
_d410